|
|
|
|
| LEADER |
00000cam a2200000 7i4500 |
| 001 |
0000002528 |
| 005 |
20030721.0 |
| 020 |
0 |
0 |
|a 9839827073
|
| 090 |
0 |
0 |
|a 352.6309595
|b MAL 1997
|
| 110 |
1 |
0 |
|a MALAYSIA
|c Jabatan Perdana Menteri
|c Unit Pemodenan Tadbiran
|
| 245 |
1 |
4 |
|a The civil service of Malaysia :
|b building an IT culture :
|b (improvements and developments in the Civil Service of Malaysia 1997)
|
| 260 |
0 |
0 |
|a Kuala Lumpur :
|b MAMPU ,
|c 1997
|
| 300 |
|
|
|a xv, 229 p. ;
|c 21 cm.
|
| 650 |
0 |
0 |
|a Civil service
|z Malaysia
|
| 650 |
0 |
0 |
|a Information technology
|z Malaysia
|
| 998 |
|
|
|a JPSM
|
| 999 |
|
|
|a 0000004348
|b Monograph
|c Open Shelf
|e Default branch
|